000 00796nam a2200205 a 4500
003 0
005 20250609145552.0
008 021114s19uu xx 00 eng d
050 _aPGS BF 723.F8
_b.F316 1999
100 _aFelix, Peter Gil Fernandez.
245 _aThe concept and formation of best friend relationship among school age children /
_cPeter Gil Fernandez Felix.
260 _aLas PiƱas City, Philippines :
_bSouthville International School and Colleges,
_c1999.
300 _a95 pages :
_billustrations ;
_c28 cm.
504 _aIncludes bibliographical references.
650 _aBest friends
_vPsychological aspects.
650 _aFriendship in children.
650 _aInterpersonal relations in children.
650 _aSocial interaction in children.
942 _2lcc
_cPASS
999 _c96162
_d96162